| 000 | 00891cam a2200241 4500 | ||
|---|---|---|---|
| 008 | 090401t1986 xxu||||| |||| 00| 0 eng d | ||
| 020 | _a0704908425 | ||
| 035 | _a(Sirsi) u44352 | ||
| 041 | _aeng | ||
| 050 | _a711.1 | ||
| 100 | _aDavies, H.W.E. | ||
| 245 | 4 | _aThe relationship between development plans , development control and appeals: a report on a research project | |
| 260 |
_aReading _bUniversity of Reading _c1986 |
||
| 300 | _axiv, 89, 19p. ; 30cm. | ||
| 350 | _a25 | ||
| 490 |
_aWorking Paper _v10 s in Land Management and Development: Environme |
||
| 520 | _aResearch undertaken by the Joint Centre for Land Development Studies of the University of Reading and the College of Estate Management on behalf of the Department of the Environment . | ||
| 650 | _aPLANNING APPEALS | ||
| 700 | _aEdwards, D. | ||
| 700 | _aRowley, A.R. | ||
| 942 | _n0 | ||
| 948 | _c04/03/1997 | ||
| 999 |
_c91499 _d91499 |
||